00543nam a22001577a 450000500170000001000150001702000260003203500140005803700090007208200180008110000190009924500710011826000560018927001150024530000250036020220210141218.0 aENG-131500 a9789389152470c599.00 aEN-115032 bDBAD a791.430280954 aDesai, Kishwar aThe Life and Times of Devika Rani The Longest Kiss/cKishwar Desai aChennaibWestland Publication Private Limitedc2020 a1st Floor, A Block, East Wing, Plot No. 40 SP infocity, Dr. MGR Salai, Pergudi, KandanchavadibChennaie600096 aix, 442p.c21cm(pbk)